Old Person Names - Sudden Death - Statistics

General Stats
  • This quiz has been taken 36,115 times
  • The average score is 24 of 30
Answers on the Grid
Answers color-coded by a green-red scale on the quiz's grid according to % correct below.
Barbara
Bruce
Cameron
Chloe
Clarence
Dakota
Dennis
Diane
Donna
Doris
Dwight
Earl
Emma
Ethel
Florence
Guy
Harold
Herbert
Janis
Judy
Juniper
Liam
Linda
Lloyd
Logan
Luca
Luther
Madison
Marilyn
Mary
Mildred
Morris
Norman
Oliver
Olivia
Parker
Phyllis
Quinn
Ronald
Sherman
Shirley
Sofia
Wilbur
Wilma
 
Answer Stats
Answer % Correct
70 Barbara
93%
64 Herbert
89%
64 Harold
87%
74 Doris
86%
63 Earl
86%
75 Ethel
85%
74 Mildred
85%
73 Phyllis
84%
61 Clarence
83%
67 Marilyn
83%
64 Wilbur
83%
74 Wilma
83%
63 Norman
82%
62 Ronald
82%
66 Donna
81%
73 Shirley
81%
66 Diane
80%
70 Judy
80%
56 Sherman
80%
57 Dwight
79%
68 Linda
77%
67 Florence
75%
58 Morris
75%
61 Bruce
74%
68 Janis
74%
61 Lloyd
73%
57 Luther
73%
65 Mary
73%
61 Dennis
68%
57 Guy
67%
No matching quizzes found
Score Distribution
Percent of People with Each Score
Percentile by Number Answered
Your Score History
You have not taken this quiz